Pays par Intervalle de Population - Sélection de Tuiles - Statistiques

Statistiques générales
  • Ce quiz a été pris 27 813 fois
  • Le résultat moyen est 33 sur 48
Statistiques - réponses
Question Tuile Select % Correct
qui ont plus de 100 millions d'habitants Grèce Non
99%
qui ont plus de 100 millions d'habitants États-Unis Oui
98%
qui ont plus de 100 millions d'habitants Espagne Non
97%
qui ont plus de 100 millions d'habitants Pérou Non
97%
qui ont plus de 100 millions d'habitants France Non
96%
qui ont plus de 100 millions d'habitants Inde Oui
96%
qui ont plus de 100 millions d'habitants Irak Non
94%
qui ont plus de 100 millions d'habitants Allemagne Non
93%
qui ont plus de 100 millions d'habitants Brésil Oui
90%
qui ont moins d'1 million d'habitants Tunisie Non
89%
qui ont moins d'1 million d'habitants Saint-Marin Oui
88%
qui ont moins d'1 million d'habitants Botswana Non
86%
qui ont moins d'1 million d'habitants Monaco Oui
86%
qui ont moins d'1 million d'habitants Lituanie Non
84%
qui ont plus de 100 millions d'habitants Indonésie Oui
83%
qui ont moins d'1 million d'habitants Nauru Oui
81%
qui ont plus de 100 millions d'habitants Pakistan Oui
79%
qui ont plus de 100 millions d'habitants Nigeria Oui
78%
qui ont moins d'1 million d'habitants Rwanda Non
78%
qui ont entre 10 et 100 millions d'habitants Australie Oui
77%
qui ont moins d'1 million d'habitants Érythrée Non
76%
qui ont moins d'1 million d'habitants Jamaïque Non
73%
qui ont entre 10 et 100 millions d'habitants Arménie Non
72%
qui ont entre 1 et 10 millions d'habitants Sainte-Lucie Non
72%
qui ont entre 10 et 100 millions d'habitants Qatar Non
71%
qui ont entre 1 et 10 millions d'habitants Roumanie Non
68%
qui ont entre 1 et 10 millions d'habitants Syrie Non
64%
qui ont entre 1 et 10 millions d'habitants Chili Non
63%
qui ont entre 1 et 10 millions d'habitants Costa Rica Oui
63%
qui ont entre 1 et 10 millions d'habitants Irlande Oui
62%
qui ont entre 1 et 10 millions d'habitants Danemark Oui
59%
qui ont entre 10 et 100 millions d'habitants Niger Oui
58%
qui ont moins d'1 million d'habitants Islande Oui
55%
qui ont entre 1 et 10 millions d'habitants Singapour Oui
54%
qui ont moins d'1 million d'habitants Belize Oui
53%
qui ont entre 1 et 10 millions d'habitants Malte Non
53%
qui ont entre 10 et 100 millions d'habitants Mongolie Non
53%
qui ont entre 10 et 100 millions d'habitants Éthiopie Non
52%
qui ont entre 10 et 100 millions d'habitants Ghana Oui
52%
qui ont entre 10 et 100 millions d'habitants Japon Non
52%
qui ont entre 10 et 100 millions d'habitants Madagascar Oui
50%
qui ont entre 1 et 10 millions d'habitants Uruguay Oui
50%
qui ont entre 10 et 100 millions d'habitants Mexique Non
49%
qui ont moins d'1 million d'habitants Bhoutan Oui
44%
qui ont entre 1 et 10 millions d'habitants Suriname Non
43%
qui ont entre 10 et 100 millions d'habitants Sri Lanka Oui
38%
qui ont entre 1 et 10 millions d'habitants Libye Oui
27%
qui ont entre 10 et 100 millions d'habitants Népal Oui
27%
Aucun quiz correspondant
Distribution des résultats
% des personnes avec chaque résultat
Percentile par nombre de réponses
Votre historique - résultats
Vous n’avez pas pris ce quiz